Statistics for Guess the Former Country/Empire from the Building/Structure

Click here to take the quiz!

General Stats

  • This quiz has been taken 10 times
  • The average score is 4 of 16

Answer Stats

Answer% Correct
New Kingdom
70%
Byzantine Empire
60%
Kingdom of Bavaria
60%
Soviet Union
60%
Inca Empire
50%
Mughal Empire
30%
Athenian Empire
20%
Khmer Empire
20%
Cahokia
10%
Ur
10%
Carolingian Empire
0%
Kingdom of Axum
0%
Silla
0%
Teotihuacan
0%
Visigothic Kingdom
0%
Yugoslavia
0%

Score Distribution

Percentile by Number Answered

Percent of People with Each Score

Your Score History

You have not taken this quiz